Estrategias para el desarrollo de los temas transversales del curriculum

Zapisane w:
Opis bibliograficzny
Główni autorzy: Palos Rodríguez, José (autor), Casas, Dolors (Autor), Domènech, Gemma (Autor), García, Carmen (Autor), Jiménez, Conrad (Autor), Quesada, Elisabet (Autor), Santacana, Montserrat (Autor), Vilaró, Josep (Autor)
Format: Książka
Język:hiszpański
Wydane: Barcelona ICE 2000
Seria:Cuadernos de Educación, 31
Hasła przedmiotowe:
Etykiety: Dodaj etykietę
Nie ma etykietki, Dołącz pierwszą etykiete!

MARC

LEADER 00000nam a2200000 a 4500
001 UCN2883
003 CL-VaPUC
008 010615e20000000SP |||||||||||||||||spa|d
082 0 4 |a 375  |b PAL  |2 21 
100 |a Palos Rodríguez, José  |e autor  |9 457610 
700 0 |a Casas, Dolors  |e author  |9 459124 
700 0 |a Domènech, Gemma  |e author  |9 459125 
700 0 |a García, Carmen  |e author  |9 459126 
700 0 |a Jiménez, Conrad  |e author  |9 459127 
700 0 |a Quesada, Elisabet  |e author  |9 459128 
700 0 |a Santacana, Montserrat  |e author  |9 459129 
700 0 |a Vilaró, Josep  |e author  |9 459130 
245 1 0 |a Estrategias para el desarrollo de los temas transversales del curriculum 
300 |a 227 p 
942 |c BK 
945 |d 20010615 00:00:00  |a cmena 
260 |a Barcelona  |b ICE  |c 2000 
650 0 |a Currículo  |9 307290 
650 0 |a Planificación del currículo  |9 269599 
650 7 |a PROYECTOS EDUCACIONALES  |2 CL-VaPUC  |9 459131 
650 7 |a DESARROLLO DE LOS CURRICULOS  |2 CL-VaPUC  |9 338829 
583 |a last modification  |c 20010615 00:00:00  |k Rodrigo Vera 
490 0 |a Cuadernos de Educación, 31 
999 |c 295902  |d 295900 
952 |0 0  |1 0  |4 0  |6 375_000000000000000_PAL_2000  |7 0  |8 A  |9 349337  |a BIBEDU  |b BIBEDU  |d 2019-11-20  |i 3733068  |o 375 PAL 2000  |p 3733068  |r 2019-11-20  |w 2019-11-20  |y BK  |k EPE